000 00186 a2200097 4500
001 8042
100 _aTuute, W
245 _aThe cruiser
260 _a
_bCassell
_c
090 _c6448
_d6448
942 _aNUST-CAE
_cM
_c32987
999 _c243115
_d243115